{"text_format":"3","workbook":"xlsx","n_sheets":1,"sheets":["Sheet1"],"read":"whole","date_system":"1900"}

{"sheet":"Sheet1","index":0,"n_rows":27,"n_cols":6,"rows_kept":27,"merged":[[0,0,0,5]]}
["天禧玫瑰园东侧地块苗木出售清单"]
["序号","项目名称","单位","数量","单价","合计价格（元）"]
[1,"香樟φ19cm","株",{"v":1,"d":"1.00"},840,{"v":840,"d":"840.00"}]
[2,"香樟φ20cm","株",{"v":1,"d":"1.00"},1000,{"v":1000,"d":"1000.00"}]
[3,"香樟φ22cm","株",{"v":4,"d":"4.00"},1350,{"v":5400,"d":"5400.00"}]
[4,"香樟φ24cm","株",{"v":2,"d":"2.00"},1530,{"v":3060,"d":"3060.00"}]
[5,"香樟φ25cm","株",{"v":2,"d":"2.00"},1620,{"v":3240,"d":"3240.00"}]
[6,"香樟φ26cm","株",{"v":2,"d":"2.00"},1980,{"v":3960,"d":"3960.00"}]
[7,"香樟φ27cm","株",{"v":4,"d":"4.00"},2160,{"v":8640,"d":"8640.00"}]
[8,"香樟φ28cm","株",{"v":3,"d":"3.00"},2430,{"v":7290,"d":"7290.00"}]
[9,"香樟φ29cm","株",{"v":2,"d":"2.00"},2700,{"v":5400,"d":"5400.00"}]
[10,"香樟φ30cm","株",{"v":2,"d":"2.00"},2880,{"v":5760,"d":"5760.00"}]
[11,"香樟φ31cm","株",{"v":4,"d":"4.00"},3150,{"v":12600,"d":"12600.00"}]
[12,"香樟φ32cm","株",{"v":1,"d":"1.00"},3420,{"v":3420,"d":"3420.00"}]
[13,"香樟φ33cm","株",{"v":3,"d":"3.00"},3600,{"v":10800,"d":"10800.00"}]
[14,"香樟φ36cm","株",{"v":2,"d":"2.00"},4050,{"v":8100,"d":"8100.00"}]
[15,"香樟φ37cm","株",{"v":1,"d":"1.00"},4500,{"v":4500,"d":"4500.00"}]
[16,"香樟φ40cm","株",{"v":1,"d":"1.00"},5850,{"v":5850,"d":"5850.00"}]
[17,"白杨树φ18cm","株",{"v":1,"d":"1.00"},180,{"v":180,"d":"180.00"}]
[18,"香樟φ15cm","株",{"v":1,"d":"1.00"},540,{"v":540,"d":"540.00"}]
[19,"香樟φ22cm","株",{"v":2,"d":"2.00"},1350,{"v":2700,"d":"2700.00"}]
[20,"银杏树φ20cm","株",{"v":1,"d":"1.00"},800,{"v":800,"d":"800.00"}]
[21,"银杏树φ25cm","株",{"v":1,"d":"1.00"},1000,{"v":1000,"d":"1000.00"}]
[22,"银杏树φ15cm","株",{"v":2,"d":"2.00"},300,{"v":600,"d":"600.00"}]
[23,"银杏树φ20cm","株",{"v":2,"d":"2.00"},800,{"v":1600,"d":"1600.00"}]
[24,"广玉兰φ31cm","株",{"v":1,"d":"1.00"},4050,{"v":4050,"d":"4050.00"}]
["合计",{"$nulls":4},{"v":101330,"d":"101330.00"}]